• 首页
  • 本馆介绍
  • 公告通知
  • 最新文献
  • 馆藏检索
  • 电子资源
  • 读者导购
  • 参考咨询
  • 我的图书馆
  • 登录
  • 详细信息显示
  • 放入我的书架
  • 预约/预借图书
  • 作者相关作品
  • 分类相关作品
  • 丛书相关作品
  • 出版社相关作品

书目信息

  • 表格格式
  • 工作单格式
  • 卡片格式
题名:
学校与社会
    
 
作者: 杜威 著 ;刘时工 译
分册:  
出版信息: 上海   华东师范大学出版社  2019.05
页数: 129页
开本: 21cm
丛书名: 杜威著作精选
单 册:
中图分类: G40-06
科图分类:
主题词: 实用主义教育--shi yong zhu yi jiao yu--思想--美国--现代
电子资源:
ISBN: 978-7-5675-8616-1
000 01066nam 2200265 450
001 0105143322
005 20201105143350.0
010    @a978-7-5675-8616-1@dCNY35.00
100    @a20190731d2019 em y0chiy50 ea
101 1  @achi@ceng
102    @aCN@b310000
105    @ay z 000yy
106    @ar
200 1  @a学校与社会@Axue xiao yu she hui@f(美)约翰·杜威著@g刘时工译
210    @a上海@c华东师范大学出版社@d2019.05
215    @a129页@d21cm
225 2  @a杜威著作精选@Adu wei zhu zuo jing xuan
330    @a1899年,杜威对“杜威学校”的“家长及其他有兴趣的人士”做了三场讲座。讲座的主题是,需要从社会范围内更大的变化的视角看“新教育”,从以教师为中心的教育转向以儿童为中心的教育。这一讲座空前成功,讲稿《学校与社会》在一年内再版数次,成为教育领域畅销不衰的经典著作。
461  0 @12001 @a杜威著作精选
606 0  @a实用主义教育@Ashi yong zhu yi jiao yu@x思想@y美国@z现代
690    @aG40-06@v5
701  1 @c(美)@a杜威@Adu wei@c(Dewey, John@4著
702  0 @a刘时工@Aliu shi gong@4译
801  0 @aCN@bBJSZM@c20201105
905    @b1262614-7@dG40-06@e1155@f4
    
    学校与社会/(美)约翰·杜威著/刘时工译.-上海:华东师范大学出版社,2019.05
    129页;21cm.-(杜威著作精选)
    
    
    ISBN 978-7-5675-8616-1:CNY35.00
    1899年,杜威对“杜威学校”的“家长及其他有兴趣的人士”做了三场讲座。讲座的主题是,需要从社会范围内更大的变化的视角看“新教育”,从以教师为中心的教育转向以儿童为中心的教育。这一讲座空前成功,讲稿《学校与社会》在一年内再版数次,成为教育领域畅销不衰的经典著作。
●
相关链接 在E读中查询图书 在五车中查询图书 在当当中查询图书 在豆瓣中查询图书


正题名:学校与社会     索取号:G40-06/1155         预约/预借

序号 登录号 条形码 馆藏地/架位号 状态 备注
1 1262614   212626149   第一样本阅览室/ [索取号:G40-06/1155] 在馆    
2 1262615   212626158   教育系资料室/ [索取号:G40-06/1155] 在馆    
3 1262616   212626167   教育系资料室/ [索取号:G40-06/1155] 在馆    
4 1262617   212626176   第四借阅区/ [索取号:G40-06/1155] 在馆    
唐山师范学院图书馆 欢迎您!
大连网信软件有限公司© 版权所有